000 00879nam a2200253 a 4500
001 25324
003 BD-RjUL
005 20211209050849.0
008 140318s1960 nyu b 001 0 eng d
035 _a(BD-RjUL)25393
040 _aNZOC
_beng
_cNZOC
_dNZOC
_dBD-RjUL
041 _aeng
082 0 4 _a320.944082
_bFUF 1960
100 1 _aFurniss, Edgar S.
_q(Edgar Stephenson),
_d1918-1966.
_977865
245 1 0 _aFrance, troubled ally :
_bDe Gaulle's heritage and prospects /
_cEdgar S Furniss.
260 _aNew York :
_bHarper and Brothers for the Council on Foreign Relations,
_cc1960.
300 _axvi, 543 p. ;
_c22 cm.
504 _aBibliography: p. 493-497. and index.
600 1 0 _aGaulle, Charles de,
_d1890-1970.
_922975
651 0 _aFrance
_xPolitics and government
_y1945-
_96775
651 0 _aFrance
_xColonies.
_977866
942 _2ddc
_cBK
999 _c25324
_d25324